00374nam a2200133Ia 450000500170000000800410001702000140005808200130007210000170008524500350010226000490013730000130018650000410019920250627015716.0240331s9999 xx 000 0 und d a955011035 bGUNa379 aGunasekara,S 0aSri Lankawe adyapana arbuudaya aKottawabLayered publishing & Printersc1994 a112 p ., aThe Crisis in Education in Sri Lanka